<?xml version="1.0" encoding="UTF-8"?>
<record
    xmlns:xsi="http://www.w3.org/2001/XMLSchema-instance"
    xsi:schemaLocation="http://www.loc.gov/MARC21/slim http://www.loc.gov/standards/marcxml/schema/MARC21slim.xsd"
    xmlns="http://www.loc.gov/MARC21/slim">

  <leader>01616aam a2200313 i 4500</leader>
  <controlfield tag="001">768714001</controlfield>
  <controlfield tag="003">CO-MdFUSB</controlfield>
  <controlfield tag="005">20250502164440.0</controlfield>
  <controlfield tag="007">ta</controlfield>
  <controlfield tag="008">250502t2007    sp  |||| |||| 00| 0 spa d</controlfield>
  <datafield tag="020" ind1=" " ind2=" ">
    <subfield code="a">978-84-301-1633-1</subfield>
  </datafield>
  <datafield tag="040" ind1=" " ind2=" ">
    <subfield code="c">CO-MdFUSB</subfield>
  </datafield>
  <datafield tag="041" ind1=" " ind2=" ">
    <subfield code="a">spa</subfield>
  </datafield>
  <datafield tag="082" ind1="0" ind2="4">
    <subfield code="a">241 </subfield>
    <subfield code="2">23</subfield>
    <subfield code="b">F593m</subfield>
  </datafield>
  <datafield tag="100" ind1="1" ind2=" ">
    <subfield code="a">Flecha, Jos&#xE9;-Rom&#xE1;n 1941-</subfield>
    <subfield code="e">autor</subfield>
  </datafield>
  <datafield tag="245" ind1="1" ind2="0">
    <subfield code="a">Moral social : </subfield>
    <subfield code="b">la vida en comunidad </subfield>
    <subfield code="c">/ Jos&#xE9;-Rom&#xE1;n Flecha Andr&#xE9;s</subfield>
  </datafield>
  <datafield tag="264" ind1=" " ind2="1">
    <subfield code="b">Ediciones S&#xED;gueme,</subfield>
    <subfield code="a">Salamanca, Espa&#xF1;a : </subfield>
    <subfield code="c">[2007]</subfield>
  </datafield>
  <datafield tag="264" ind1=" " ind2="4">
    <subfield code="c">&#xA9;2007</subfield>
  </datafield>
  <datafield tag="300" ind1=" " ind2=" ">
    <subfield code="a">589 p&#xE1;ginas</subfield>
    <subfield code="c">; 21 cm</subfield>
  </datafield>
  <datafield tag="336" ind1=" " ind2=" ">
    <subfield code="a">texto</subfield>
    <subfield code="b">txt</subfield>
    <subfield code="2">rdacontent</subfield>
  </datafield>
  <datafield tag="337" ind1=" " ind2=" ">
    <subfield code="2">rdamedia</subfield>
    <subfield code="a">sin mediaci&#xF3;n</subfield>
    <subfield code="b">n</subfield>
  </datafield>
  <datafield tag="338" ind1=" " ind2=" ">
    <subfield code="2">rdacarrier</subfield>
    <subfield code="a">volumen</subfield>
    <subfield code="b">nc</subfield>
  </datafield>
  <datafield tag="490" ind1="0" ind2=" ">
    <subfield code="a">Vida en Cristo , no.5</subfield>
  </datafield>
  <datafield tag="505" ind1=" " ind2=" ">
    <subfield code="g">I PARTE: </subfield>
    <subfield code="t">Premisas y fundamentos:</subfield>
    <subfield code="a">Fe cristiana y moral social -- El hombre, centro de la cuesti&#xF3;n social -- Verdad, justicia, amor y libertad como normas &#xE9;ticas para la convivencia -- Valores &#xE9;ticos en una sociedad plural.</subfield>
    <subfield code="g">II PARTE: </subfield>
    <subfield code="t">Escenarios y problemas:</subfield>
    <subfield code="a">Los derechos humanos -- La familia -- La demograf&#xED;a como cuesti&#xF3;n &#xE9;tica -- El trabajo humano -- la migraci&#xF3;n -- La opci&#xF3;n por los pobres -- salud y enfermedad -- poder y autoridad -- Legalidad y &#xE9;tica -- El voluntariado -- Medios de comunicaci&#xF3;n social -- El dinero , el mercado y los mercados -- El desaf&#xED;o de la globalizaci&#xF3;n -- Ecolog&#xED;a y fe cristiana -- La guerra y la paz. </subfield>
    <subfield code="g">III PARTE:</subfield>
    <subfield code="t">Desaf&#xED;os y esperanza:</subfield>
    <subfield code="a">Responsabilidad moral ante la nueva cultura -- La esperanza escatol&#xF3;gica</subfield>
  </datafield>
  <datafield tag="563" ind1=" " ind2=" ">
    <subfield code="a">R&#xFA;stico</subfield>
  </datafield>
  <datafield tag="653" ind1=" " ind2=" ">
    <subfield code="a">Teolog&#xED;a social</subfield>
  </datafield>
  <datafield tag="942" ind1=" " ind2=" ">
    <subfield code="c">BK</subfield>
  </datafield>
  <datafield tag="945" ind1=" " ind2=" ">
    <subfield code="a">JTF-925</subfield>
  </datafield>
  <datafield tag="952" ind1=" " ind2=" ">
    <subfield code="0">0</subfield>
    <subfield code="1">0</subfield>
    <subfield code="4">0</subfield>
    <subfield code="7">0</subfield>
    <subfield code="8">GEN</subfield>
    <subfield code="a">FUSBC</subfield>
    <subfield code="b">FUSBC</subfield>
    <subfield code="d">2013-04-16</subfield>
    <subfield code="l">6</subfield>
    <subfield code="m">13</subfield>
    <subfield code="o">G 241 F593m </subfield>
    <subfield code="p">17797</subfield>
    <subfield code="r">2024-05-28 00:00:00</subfield>
    <subfield code="s">2024-02-27</subfield>
    <subfield code="t">Ej. 1</subfield>
    <subfield code="w">2016-01-26</subfield>
    <subfield code="y">BK</subfield>
    <subfield code="B">0</subfield>
  </datafield>
  <datafield tag="999" ind1=" " ind2=" ">
    <subfield code="c">44452</subfield>
    <subfield code="d">44452</subfield>
  </datafield>
</record>
